[Event "LEM Magdeburg"]
[Site "LEM Magdeburg"]
[Date "2011.06.02"]
[Round "1.1"]
[White "Brueggemann, Florian"]
[Black "Reichert, Thomas"]
[Result "1/2-1/2"]
[WhiteElo "2022"]
[BlackElo "1979"]
[PlyCount "27"]
[EventDate "2011.??.??"]

1. e4 Nf6 2. d3 e5 3. Nc3 Nc6 4. Nge2 Bc5 5. Ng3 d6 6. Na4 Bb6 7. Nxb6 axb6 8.
c3 Qe7 9. Be2 Bd7 10. h3 d5 11. Bg5 dxe4 12. dxe4 O-O-O 13. Qc2 h6 14. Be3
1/2-1/2

[Event "LEM Magdeburg"]
[Site "LEM Magdeburg"]
[Date "2011.06.02"]
[Round "1.2"]
[White "Engelmann, Jakob"]
[Black "Reipsch, Jens"]
[Result "1/2-1/2"]
[WhiteElo "2195"]
[BlackElo "2247"]
[PlyCount "49"]
[EventDate "2011.??.??"]

1. c4 c6 2. e4 d5 3. exd5 cxd5 4. d4 Nf6 5. Nc3 Nc6 6. Bg5 dxc4 7. Bxc4 e6 8.
d5 exd5 9. Nxd5 Qa5+ 10. Bd2 Qd8 11. Bc3 Nxd5 12. Bxd5 Be6 13. Bxe6 Qxd1+ 14.
Rxd1 fxe6 15. Nf3 Be7 16. O-O Bf6 17. Bxf6 gxf6 18. Nd4 Nxd4 19. Rxd4 Rd8 20.
Rc4 Ke7 21. Rfc1 Rd7 22. Kf1 e5 23. Ke2 Rhd8 24. Rc7 Ke6 25. Rxd7 1/2-1/2

[Event "LEM Magdeburg"]
[Site "LEM Magdeburg"]
[Date "2011.06.02"]
[Round "1.3"]
[White "Richter, Dustin"]
[Black "Schindler, Christian"]
[Result "0-1"]
[WhiteElo "2085"]
[BlackElo "2183"]
[PlyCount "92"]
[EventDate "2011.??.??"]

1. e4 Nf6 2. e5 Nd5 3. c4 Nb6 4. d4 d6 5. f4 dxe5 6. fxe5 Nc6 7. Be3 Bf5 8. Nc3
e6 9. Nf3 Be7 10. d5 exd5 11. cxd5 Nb4 12. Nd4 Bd7 13. e6 fxe6 14. dxe6 Bc6 15.
Qg4 Bh4+ 16. g3 Bxh1 17. gxh4 O-O 18. O-O-O Qf6 19. Bb5 Bc6 20. Bg5 Qe5 21. e7
Rfe8 22. Bxc6 Nxc6 23. Nf5 Rxe7 24. Bxe7 Nxe7 25. Nh6+ Kf8 26. Rf1+ Ke8 27. Nf7
Qe3+ 28. Kc2 g6 29. Rf3 Nf5 30. Rxf5 gxf5 31. Qg8+ Ke7 32. Qxh7 Rf8 33. Ng5+
Kd8 34. Qh6 Qf2+ 35. Kb3 Re8 36. Qg6 Qxh4 37. Nf7+ Ke7 38. Ng5 Qc4+ 39. Kc2 Na4
40. Qxf5 Nxc3 41. bxc3 Qxa2+ 42. Kc1 Qc4 43. Kb2 c6 44. Qh7+ Kd6 45. Nf7+ Kc5
46. Qf5+ Kb6 0-1

[Event "LEM Magdeburg"]
[Site "LEM Magdeburg"]
[Date "2011.06.02"]
[Round "1.4"]
[White "Matthey, Harald"]
[Black "Ozeran, Volodymyr"]
[Result "1/2-1/2"]
[WhiteElo "2226"]
[BlackElo "2093"]
[PlyCount "129"]
[EventDate "2011.??.??"]

1. d4 Nf6 2. Nf3 e6 3. c4 d5 4. Nc3 Bb4 5. Qb3 c5 6. dxc5 Nc6 7. e3 Ne4 8. Be2
Qa5 9. O-O Nxc3 10. bxc3 Bxc3 11. Bb2 Bxb2 12. Qxb2 O-O 13. cxd5 exd5 14. Rac1
Rb8 15. Rfd1 Be6 16. Nd4 Qc7 17. Qc3 Qe7 18. Rd2 Rfc8 19. Bb5 Nd8 20. Rdc2 Bd7
21. Qb3 Bc6 22. Be2 Qd7 23. Qd3 Ne6 24. f4 b6 25. Nxc6 Rxc6 26. cxb6 Rbxb6 27.
Rxc6 Rxc6 28. Rd1 Rd6 29. Bf3 d4 30. Bg4 Nxf4 31. Bxd7 Nxd3 32. Bb5 Nb4 33.
exd4 Nxa2 34. Ra1 Nb4 35. Rxa7 g6 36. Bc4 Rxd4 37. Bxf7+ Kf8 38. Bb3 h5 39.
Rf7+ Ke8 40. Rf6 Rg4 41. h3 Rg3 42. Bf7+ Ke7 43. Rxg6 Rxg6 44. Bxg6 h4 45. Kf2
Kf6 46. Be4 Kg5 47. Ke3 Na6 48. Bd5 Nc7 49. Bf7 Nb5 50. Bc4 Nd6 51. Bd3 Ne8 52.
Be2 Nf6 53. Bf3 Kf5 54. Bb7 Nh5 55. Kf3 Kg5 56. Bc8 Nf4 57. Bg4 Ng6 58. Ke4 Nf4
59. Bf3 Ng6 60. Ke3 Nf4 61. Be4 Ne6 62. Kf3 Nf4 63. Bb7 Ng6 64. g4 Nf4 65. Bc8
1/2-1/2

[Event "LEM Magdeburg"]
[Site "LEM Magdeburg"]
[Date "2011.06.02"]
[Round "2.1"]
[White "Reichert, Thomas"]
[Black "Ozeran, Volodymyr"]
[Result "0-1"]
[WhiteElo "1979"]
[BlackElo "2093"]
[PlyCount "96"]
[EventDate "2011.??.??"]

1. d4 Nf6 2. c4 e6 3. g3 Bb4+ 4. Nd2 Nc6 5. Ngf3 d5 6. Bg2 dxc4 7. O-O c3 8.
Nc4 cxb2 9. Bxb2 O-O 10. Qb3 Nd5 11. Rfd1 a5 12. a3 a4 13. Qc2 Be7 14. e4 Nf6
15. Rac1 Na5 16. d5 Qe8 17. Nxa5 Rxa5 18. Qxc7 Ra8 19. d6 Bd8 20. Qc3 Ba5 21.
Qd4 Bd7 22. Ne5 Qd8 23. Nxd7 Qxd7 24. e5 Ne8 25. Qc5 f6 26. Rc2 fxe5 27. Qxe5
Rf5 28. Qe3 Nf6 29. Bh3 Nd5 30. Qe2 Raf8 31. Bd4 b5 32. Bc5 Nc3 33. Rxc3 Bxc3
34. Bxf5 Rxf5 35. Qe3 Bf6 36. Bb4 Bd8 37. f4 Kf7 38. g4 Rf6 39. Qe5 Qc6 40. h4
Qf3 41. Rd2 Rxf4 42. Qh5+ Kg8 43. Qe8+ Rf8 44. Qxb5 Qxg4+ 45. Rg2 Qd4+ 46. Kh2
Qxh4+ 47. Kg1 Bf6 48. Bc5 Qe1+ 0-1

[Event "LEM Magdeburg"]
[Site "LEM Magdeburg"]
[Date "2011.06.02"]
[Round "2.3"]
[White "Reipsch, Jens"]
[Black "Richter, Dustin"]
[Result "1/2-1/2"]
[WhiteElo "2247"]
[BlackElo "2085"]
[PlyCount "171"]
[EventDate "2011.??.??"]

1. e4 e5 2. Nc3 d6 3. Bc4 Nf6 4. d3 Be7 5. f4 c6 6. Nf3 Nbd7 7. a4 O-O 8. a5
exf4 9. Bxf4 Nc5 10. O-O d5 11. exd5 Nxd5 12. Bxd5 cxd5 13. Qd2 Ne6 14. Nb5
Bc5+ 15. Kh1 a6 16. b4 Be7 17. Na3 Nxf4 18. Qxf4 Qd6 19. Qxd6 Bxd6 20. Rab1 Bd7
21. Nd4 Rfe8 22. c4 Re3 23. Rbd1 Bg4 24. Nac2 Re5 25. Rde1 Rae8 26. c5 Rxe1 27.
Rxe1 Rxe1+ 28. Nxe1 Be5 29. Nec2 Bd7 30. Kg1 {Jens hatte sich im Nachgang
mächtig über diesen Zug geärgert, der später durch Fesselungen in der
Diagonale g1-a7 die weißen Durchbruchspläne behindert. Im Nachgang wollte er
lieber sofort den Durchbruch starten. Das hätte sehr originelle
Stellungsbilder ergeben, allerdings nicht funktioniert ...} (30. b5 axb5 31. c6
bxc6 32. a6 Bb8 33. Nb4 {Das funktioniert später mit dem König auf g1 nicht.
Hier sieht es sehr bedrohlich für Schwarz aus, aber ...} c5 $1 {Cool bleiben!}
34. Nbc6 Ba7 $3 {Unglaublich der gefangene Läufer sorgt in Boromir-Manier auch
für den Fall des Springers, der zudem den eigenen Bauern blockiert. Nicht
Schwarz, sondern Weiß verliert eine Figur! Das ist hochgradig
studienverdächtig.} 35. Nxb5 Bxc6 36. Nxa7 Bd7 $19) 30... f5 31. b5 {Das
funktioniert immer noch nicht, aber Dustin war in enormer Zeitnot. So trug die
Verschärfung am Ende Früchte.} axb5 32. c6 bxc6 33. a6 Bb8 34. Kf1 Ba7 35. Nb3
c5 36. d4 Bc8 (36... c4 37. Nc5 Bc6 (37... Bxc5 $4 38. dxc5 c3 39. Nd4 $18) 38.
Nb4 Ba8 {und Schwarz hat alles im Griff! Aber was sind das für Stellungsbilder
...}) 37. dxc5 Bxa6 38. Nb4 Bc8 $4 {Ein Zeitnoteinsteller. Intuitiv möchte man
nicht c6 mit Tempo erlauben, aber gerade dieser Zug hätte das Feld für den
weißen Springer verstellt.} 39. Nc6 $1 Bxc5 40. Nxc5 {Zu allem Überfluss hat
auch der andere Läufer kein Feld mehr!} Kf7 41. Na7 Be6 42. Nxb5 {Der Läufer
wird getauscht und Weiß gewinnt. Was soll noch passieren?} Kf6 43. Kf2 (43.
Nxe6 {sollte technisch gewonnen sein. Ganz ohne ist es aber auch nicht und der
Textzug verdirbt nichts. Dennoch hielt ich den Tausch für die bessere
praktische Entscheidung. Die schwarzen Bauern stehen zu nahe beieinander, um
den Springer zu ärgern und irgendwann gibt es Zugzwangmotive.}) 43... Bf7 44.
Ke3 g5 45. Kd4 f4 46. Nd7+ Ke7 47. Ne5 Bg8 48. Nc3 Kd6 49. Ng4 Be6 50. Nf6 g4
51. Nfxd5 g3 52. hxg3 fxg3 53. Ne4+ Kc6 54. Nf4 Bg4 55. Ke5 Kc7 56. Nxg3 Kd7
57. Nd5 Bd1 58. Kf6 Bc2 59. Ne3 Ba4 60. Ngf5 Ke8 61. Kg7 h5 62. g3 Bc6 63. Nc4
Bf3 64. Ne5 Be2 65. Ng6 Bd3 66. Nh6 Bc2 67. Ng8 Kd7 68. Nf4 Bd1 69. Nf6+ Kd6
70. Kg6 Ke5 71. Kg5 Bf3 72. N6xh5 Bb7 73. Nd3+ {Das Endspiel ist natürlich
nach wie vor gewonnen, der Läufer hat nicht genügend lange Diagonalen, um den
Bauern auf Dauer aufzuhalten. Eine direkte Methode war z. B.} (73. Ng6+ Kd4 74.
Ng7 Bf3 75. Kf4 Bd1 76. Ne5 Kd5 77. Nf3 {nebst g4 usw.}) 73... Kd4 74. Nhf4 Bf3
75. Kf5 Ke3 76. Ne1 $4 {Nach langer Spielzeit am Ende des Feiertages mit
entsprechender Stimmung in den Straßen ringsum sind beide müde.} Bd1 $4 {Er
muss erst noch gezwungen werden.} 77. Neg2+ $4 (77. Ned3 {hielt f2 unter
Kontrolle. Schwarz kann zwar fesseln, darf aber die Figur nicht zurück
gewinnen.}) 77... Kf2 78. g4 Bxg4+ 79. Kxg4 Kf1 80. Kg3 Kg1 81. Ne3 Kh1 82. Nc4
Kg1 83. Nd2 Kh1 84. Nd3 Kg1 85. Nf3+ Kf1 86. Nf4 1/2-1/2

[Event "LEM Magdeburg"]
[Site "LEM Magdeburg"]
[Date "2011.06.02"]
[Round "2.4"]
[White "Brueggemann, Florian"]
[Black "Engelmann, Jakob"]
[Result "0-1"]
[WhiteElo "2022"]
[BlackElo "2195"]
[PlyCount "98"]
[EventDate "2011.??.??"]

1. e4 c6 2. d4 d5 3. e5 Bf5 4. Nc3 e6 5. g4 Bg6 6. Nge2 c5 7. Be3 Nc6 8. Nf4
cxd4 9. Nxg6 hxg6 10. Bxd4 a6 11. Qd2 Nge7 12. f4 Nxd4 13. Qxd4 Nc6 14. Qf2 Qa5
15. O-O-O d4 16. Nb1 Nb4 17. Bc4 Bc5 18. Qf3 Rc8 19. Qxb7 O-O 20. a3 d3 21.
axb4 Be3+ 22. Rd2 Qd8 23. Qe4 Bxd2+ 24. Nxd2 dxc2 25. Kxc2 Qb6 26. b3 Rfd8 27.
Qf3 Qxb4 28. Qc3 Qb7 29. Rg1 Rc7 30. Qe3 a5 31. Ne4 a4 32. Nd6 Qc6 33. Rg3 Rb8
34. Qd4 Qh1 35. Qg1 axb3+ 36. Kb2 Qc6 37. Qf2 Ra8 38. Rxb3 Qa4 39. Kc3 g5 40.
f5 Qa1+ 41. Qb2 Qe1+ 42. Kc2 Qe2+ 43. Kc1 Rxc4+ 44. Nxc4 Qxc4+ 45. Kd2 Rd8+ 46.
Ke1 Qe4+ 47. Kf2 Qf4+ 48. Ke1 Qxg4 49. Rb8 Qe4+ 0-1

[Event "LEM Magdeburg"]
[Site "LEM Magdeburg"]
[Date "2011.06.02"]
[Round "3.1"]
[White "Engelmann, Jakob"]
[Black "Reichert, Thomas"]
[Result "1-0"]
[WhiteElo "2195"]
[BlackElo "1979"]
[PlyCount "107"]
[EventDate "2011.??.??"]

1. c4 Nf6 2. g3 e6 3. Bg2 d5 4. Nf3 Be7 5. O-O O-O 6. d4 dxc4 7. Qc2 a6 8. Qxc4
b5 9. Qc2 Bb7 10. Bf4 Nd5 11. Rc1 Nxf4 12. gxf4 Nc6 13. e3 Nb4 14. Qe2 Nd5 15.
Nbd2 Nb6 16. Ne5 Bxg2 17. Kxg2 Bd6 18. Nc6 Qd7 19. Qf3 f5 20. Rc2 Nd5 21. Nb3
Rac8 22. Rac1 Rf7 23. Kh1 Kh8 24. Rg1 Nf6 25. Nc1 Rff8 26. Nd3 Ne4 27. Rgc1 Qe8
28. Nce5 Ra8 29. Qh3 Rf6 30. Rg1 Rh6 31. Qg2 g6 32. Rgc1 Qe7 33. Nc5 Kg8 34.
Nxe4 fxe4 35. Qxe4 Rf8 36. Nf3 Rh5 37. Ng5 Rf6 38. Rg1 Kg7 39. Rc6 a5 40. Ra6
b4 41. Qf3 Rf5 42. Ne4 Qh4 43. Qg2 Bxf4 44. exf4 Qxf4 45. Ng3 Rxh2+ 46. Qxh2 $1
{Die Kiebitze meinten nun ein Dauerschach gesehen zu haben, nachdem Schwarz
einen Läufer und beide Türme opfert! Aber sie hatten ein Detail übersehen ...}
(46. Kxh2 Rh5+ 47. Qh3 Qxf2+ 48. Rg2 Rxh3+ 49. Kxh3 Qxd4 50. Rxa5 {ist dagegen
mindestens sehr, sehr beschwerlich.}) 46... Qf3+ 47. Rg2 Qd1+ 48. Qg1 Rh5+ 49.
Rh2 $1 {Jakob entwirrt das Knäuel, was ihm nach} (49. Nxh5+ $4 Qxh5+ {
witzigerweise nicht gelungen wäre. Schwarz hat Dauerschach!}) 49... Qf3+ 50.
Qg2 Qd1+ 51. Qf1 Qf3+ 52. Kg1 Rd5 53. Qe2 Qf4 54. Qxe6 1-0

[Event "LEM Magdeburg"]
[Site "LEM Magdeburg"]
[Date "2011.06.02"]
[Round "3.2"]
[White "Richter, Dustin"]
[Black "Brueggemann, Florian"]
[Result "0-1"]
[WhiteElo "2085"]
[BlackElo "2022"]
[PlyCount "76"]
[EventDate "2011.??.??"]

1. e4 c5 2. Nf3 d6 3. d4 cxd4 4. Nxd4 Nf6 5. Nc3 a6 6. Be2 e6 7. O-O Qc7 8. f4
b5 9. Bf3 Bb7 10. a3 Nbd7 11. Qe2 Nb6 12. Nb3 Rc8 13. g4 Na4 14. g5 Nd7 15. f5
Nxc3 16. bxc3 e5 17. Bd2 Be7 18. Bg2 h5 19. Rf3 Qc4 20. Rd3 Bd8 21. Qf3 a5 22.
Be3 a4 23. Nd2 Qc6 24. Qf2 Ba5 25. Rd1 Nb6 26. Bh3 Rd8 27. Bg2 Kd7 28. Nb3 axb3
29. Rxd6+ Kc7 $5 {ist objektiv nicht besser als alles andere auch, aber in
Zeitnot der unerwartetere Zug.} (29... Qxd6 30. Rxd6+ Kxd6 31. Bxb6 {und
Schwarz hat nicht ...b2, da er dann matt gesetzt wird:} b2 32. Qc5+ Kd7 33.
Qc7+ Ke8 34. Qxd8#) 30. Rxc6+ Bxc6 31. Rb1 $4 (31. Rxd8 Rxd8 32. cxb3 Rd1+ 33.
Bf1 {und Schwarz darf nicht auf e4 nehmen:} Bxe4 $6 34. Qe2 {und nach
Turmzügen folgt D:b5}) 31... Nc4 32. cxb3 Nxe3 33. Qg3 Rhe8 34. Kh1 Nxg2 35.
Qxg2 Rd3 36. Qe2 Red8 37. Re1 Bb6 38. Qxh5 Rd1 $1 0-1

[Event "LEM Magdeburg"]
[Site "LEM Magdeburg"]
[Date "2011.06.02"]
[Round "3.3"]
[White "Matthey, Harald"]
[Black "Reipsch, Jens"]
[Result "0-1"]
[WhiteElo "2226"]
[BlackElo "2247"]
[PlyCount "70"]
[EventDate "2011.??.??"]

1. d4 Nf6 2. Nf3 c5 3. d5 b5 4. Bg5 d6 5. e3 a6 6. a4 b4 7. Bc4 Nbd7 8. a5 g6
9. c3 Rb8 10. Qd3 Bg7 11. O-O O-O 12. h3 h6 13. Bf4 g5 14. Bh2 g4 15. hxg4 Nxg4
16. Bg3 Nde5 17. Nxe5 Nxe5 18. Bxe5 Bxe5 19. f4 Bg7 20. f5 Bf6 21. Nd2 Kh7 22.
Ne4 Rg8 23. Nxf6+ exf6 24. cxb4 Rxb4 25. b3 Qe7 26. Rf4 Rg3 27. Kf2 Rg5 28. Re4
Qf8 29. g4 $2 {Danach kommt es überraschend schnell zur Krise in der g-Linie.
Nach 29.Tf4 blieb die Stellung statisch, und es ist nich klar, ob irgendwer
etwas unternehmen kann.} Qg7 30. Rh1 Bxf5 $1 {Viel besser als das Nehmen auf
g4!} (30... Rxg4 31. Rxg4 Qxg4 32. e4 {und Schwarz hat nichts erreicht.}) 31.
gxf5 Rg2+ 32. Kf1 Ra2 $1 33. Rg1 Ra1+ 34. Ke2 Qxg1 35. Qc2 Qf1+ 0-1

[Event "LEM Magdeburg"]
[Site "LEM Magdeburg"]
[Date "2011.06.02"]
[Round "3.4"]
[White "Ozeran, Volodymyr"]
[Black "Schindler, Christian"]
[Result "1/2-1/2"]
[WhiteElo "2093"]
[BlackElo "2183"]
[PlyCount "32"]
[EventDate "2011.??.??"]

1. d4 c5 2. d5 Nf6 3. c4 b5 4. cxb5 a6 5. bxa6 g6 6. Nc3 Bxa6 7. e4 Bxf1 8.
Kxf1 d6 9. Nge2 Bg7 10. h3 Nbd7 11. Kg1 Qb6 12. Kh2 O-O 13. Rb1 Rfb8 14. b3 Ne8
15. Qc2 Nc7 16. Bg5 Kf8 1/2-1/2

[Event "LEM Magdeburg"]
[Site "LEM Magdeburg"]
[Date "2011.06.02"]
[Round "4.1"]
[White "Reichert, Thomas"]
[Black "Schindler, Christian"]
[Result "0-1"]
[WhiteElo "1979"]
[BlackElo "2183"]
[PlyCount "110"]
[EventDate "2011.??.??"]

1. e4 Nf6 2. e5 Nd5 3. d4 d6 4. c4 Nb6 5. f4 dxe5 6. fxe5 Nc6 7. Be3 Bf5 8. Nc3
e6 9. Nf3 Bg4 10. Be2 Bxf3 11. gxf3 Qh4+ 12. Bf2 Qf4 13. Qc1 Qxc1+ 14. Rxc1
O-O-O 15. Rd1 Be7 16. O-O Bg5 17. c5 Nd5 18. Nxd5 Rxd5 19. Bc4 Rd7 20. Rfe1
Rhd8 21. Bb5 $2 {Kann Weiß damit den lästigen Druck auf d4 abschütteln?} Rxd4
$1 {Nein!} 22. Bxd4 Nxd4 23. Rxd4 Rxd4 24. Be8 Rd2 25. Bxf7 Kd7 26. Bg8 h6 27.
Bh7 Rxb2 {und Schwarz gewann.} 28. Be4 c6 29. Rd1+ Rd2 30. Rxd2+ Bxd2 31. Kf2
g5 32. h3 Bb4 33. Ke3 Bxc5+ 34. Kd3 Ba3 35. Bg6 Bb2 36. Ke4 b5 37. f4 c5 38. f5
c4 39. fxe6+ Kxe6 40. Bf5+ Ke7 41. Kd5 h5 42. Ke4 b4 43. Kd5 c3 44. Bc2 Bc1 45.
Ke4 g4 46. hxg4 hxg4 47. Bb3 Bg5 48. Bd1 g3 49. Kf3 Bf4 50. Bc2 Ke6 51. Bd3
Kxe5 52. Bg6 Kd4 53. Bf5 a5 54. Bc2 a4 55. Ke2 b3 0-1

[Event "LEM Magdeburg"]
[Site "LEM Magdeburg"]
[Date "2011.06.02"]
[Round "4.2"]
[White "Reipsch, Jens"]
[Black "Ozeran, Volodymyr"]
[Result "1/2-1/2"]
[WhiteElo "2247"]
[BlackElo "2093"]
[PlyCount "80"]
[EventDate "2011.??.??"]

1. e4 c6 2. Ne2 d5 3. e5 Bg4 4. h3 Bd7 5. d4 e6 6. Be3 c5 7. c3 Qb6 8. Qb3 Qxb3
9. axb3 cxd4 10. Nxd4 a6 11. b4 Ne7 12. f4 f6 13. exf6 gxf6 14. Nd2 Bh6 15. Nb5
Bxb5 16. Bxb5+ Kf7 17. Bd3 Nbc6 18. Nb3 e5 19. g4 exf4 20. Bd2 Ne5 21. Be2 Rac8
22. Nd4 Rhe8 23. Rf1 Nc4 24. Bxc4 dxc4 25. O-O-O Nd5 26. Nf5 Kg6 27. Nxh6 Kxh6
28. Bxf4+ Nxf4 29. Rxf4 Rc6 30. Rd5 b5 31. Kd2 Kg6 32. h4 Rce6 33. Rf2 Re5 34.
Rxe5 Rxe5 35. Re2 Rd5+ 36. Ke3 h5 37. Kf4 hxg4 38. Kxg4 Rd1 39. Re6 Rg1+ 40.
Kf4 Rf1+ 1/2-1/2

[Event "LEM Magdeburg"]
[Site "LEM Magdeburg"]
[Date "2011.06.02"]
[Round "4.3"]
[White "Brueggemann, Florian"]
[Black "Matthey, Harald"]
[Result "0-1"]
[WhiteElo "2022"]
[BlackElo "2226"]
[PlyCount "86"]
[EventDate "2011.??.??"]

1. e4 Nf6 2. d3 d5 3. e5 Ng4 4. Nf3 g6 5. h3 Nh6 6. g3 f6 7. Bg2 Nf7 8. exf6 e5
9. O-O Qxf6 10. c3 Bd6 11. Qb3 c6 12. c4 Na6 13. cxd5 Nc5 14. Qd1 cxd5 15. Nc3
d4 16. Nb5 Bb8 17. Ne1 Qa6 18. Na3 O-O 19. g4 g5 20. Nc4 Be6 21. b3 Bxc4 22.
bxc4 e4 23. dxe4 Qd6 24. f4 d3 25. Ba3 gxf4 26. Nxd3 Qd4+ 27. Nf2 Qe5 28. Bf3
Rd8 29. Qc2 Ng5 30. Kg2 Nce6 31. Bb2 Qc5 32. Qc3 Rd4 33. Rfd1 Be5 34. Qb3 Rad8
35. Bxd4 Bxd4 36. Nd3 Qe7 37. c5 Kf8 38. Ne1 Bxa1 39. Rxa1 Rd2+ 40. Kh1 Qxc5
41. Qxb7 Qf2 42. Qb8+ Kf7 43. Qb7+ Kg6 0-1

[Event "LEM Magdeburg"]
[Site "LEM Magdeburg"]
[Date "2011.06.02"]
[Round "4.4"]
[White "Engelmann, Jakob"]
[Black "Richter, Dustin"]
[Result "0-1"]
[WhiteElo "2195"]
[BlackElo "2085"]
[PlyCount "130"]
[EventDate "2011.??.??"]

1. c4 e5 2. g3 Nf6 3. Bg2 Nc6 4. Nc3 Bb4 5. Nd5 Be7 6. d3 O-O 7. e3 Nxd5 8.
cxd5 Bb4+ 9. Bd2 Bxd2+ 10. Qxd2 Ne7 11. d4 d6 12. Ne2 Bg4 13. Rc1 Bxe2 14. Kxe2
f5 15. dxe5 dxe5 16. Rhd1 Qd6 17. Qc2 Rac8 18. Qc5 b6 19. Qc4 e4 20. f3 exf3+
21. Bxf3 Ng6 22. Bg2 Ne5 23. Qf4 Rce8 24. Rc3 Re7 25. Kd2 c5 26. Kc1 b5 27. Kb1
c4 28. Rf1 b4 29. Rc2 Qa6 30. Rcc1 Ree8 31. d6 c3 32. Qxb4 cxb2 33. Rc2 Rb8 34.
Bd5+ Kh8 35. Rxf5 Qf1+ 36. Rxf1 Rxf1+ 37. Kxb2 Rxb4+ 38. Kc3 Rb8 39. Kd4 Nd7
40. e4 Rd1+ 41. Ke3 Nb6 42. Ke2 Rxd5 43. exd5 Rd8 44. Rc7 a5 45. Rc6 Nxd5 46.
Rc5 Nf6 47. Rxa5 Kg8 48. Ra6 Kf7 49. Kf3 Ke6 50. a3 Rxd6 (50... Ne8 51. a4 Nxd6
52. Ra7 Nf7 53. a5 Rd3+ 54. Ke4 Rd2 55. h4 Rg2 56. a6 Rxg3) 51. Rxd6+ Kxd6 52.
Kf4 Ke6 53. a4 Nd5+ 54. Kg5 Nc3 55. a5 Ne4+ 56. Kf4 Nc5 57. Kg5 Ke5 58. h4 (58.
Kg4 Ke4 59. Kg5 Kf3 60. g4 Ke4 61. h4 Ne6+ 62. Kh5 Nf4+ 63. Kg5 h6#) 58... Na6
59. Kg4 Ke4 60. Kg5 Nc5 61. Kg4 h6 62. Kh5 Kf5 63. g4+ Kf6 64. g5+ Kf5 65. g6
Ne6 0-1

[Event "LEM Magdeburg"]
[Site "LEM Magdeburg"]
[Date "2011.06.02"]
[Round "5.1"]
[White "Richter, Dustin"]
[Black "Reichert, Thomas"]
[Result "1/2-1/2"]
[WhiteElo "2085"]
[BlackElo "1979"]
[PlyCount "43"]
[EventDate "2011.??.??"]

1. e4 Nf6 2. e5 Nd5 3. c4 Nb6 4. d4 d6 5. f4 g6 6. Nc3 Bg7 7. Be2 dxe5 8. fxe5
c5 9. dxc5 Qxd1+ 10. Kxd1 N6d7 11. e6 fxe6 12. Be3 Nc6 13. Nb5 O-O 14. Kc2 Nf6
15. Nf3 e5 16. Rhd1 Bf5+ 17. Kb3 Rac8 18. a3 a6 19. Nc3 Na5+ 20. Ka4 Nc6 21.
Rac1 Ng4 22. Bg5 1/2-1/2

[Event "LEM Magdeburg"]
[Site "LEM Magdeburg"]
[Date "2011.06.02"]
[Round "5.2"]
[White "Matthey, Harald"]
[Black "Engelmann, Jakob"]
[Result "1-0"]
[WhiteElo "2226"]
[BlackElo "2195"]
[PlyCount "107"]
[EventDate "2011.??.??"]

1. d4 d5 2. Nf3 Nf6 3. c4 c6 4. Qc2 e6 5. Bg5 Nbd7 6. e3 Qa5+ 7. Nbd2 Ne4 8.
Bf4 Ndf6 9. c5 Ng4 10. a3 Ngxf2 11. b4 Qd8 12. Nxe4 Nxe4 13. Bd3 f5 14. O-O Be7
15. b5 g5 16. Be5 O-O 17. bxc6 bxc6 18. h3 h5 19. g4 Rf7 20. a4 Qa5 21. Qe2 Bd8
22. Rfc1 Rb7 23. gxf5 exf5 24. Bxe4 fxe4 25. Nxg5 $1 {öffnet gewaltsam die
g-Linie. Die weißen Türme wirken momentan nicht sehr agil, aber ...} Bg4 $1 {
der beste Versuch} (25... Bxg5 26. Qxh5 $1 Bxe3+ 27. Kh1 {und Weiß droht
tödlich Tg1+} Bxc1 28. Qg6+ Kf8 29. Bd6+ Re7 30. Rxc1 {und Matt!}) 26. hxg4
Bxg5 27. gxh5 Rf8 28. Qg4 Qd8 29. Qe6+ (29. Kh1 {war noch stärker - jetzt
hätte Schwarz noch eine Verteidigung entlang der 7. Reihe organisieren können.}
) 29... Rff7 30. Kh1 Bf6 31. Rg1+ Kh8 32. Rg6 (32. Raf1 {nebst Matt in 12 ;-)})
32... Bxe5 33. Rh6+ Kg8 34. Rg1+ Kf8 (34... Bg7 35. Rxg7+ Kxg7 36. Qg6+ Kf8 37.
Rh8+ Ke7 38. Qg5+ $18) 35. Qxe5 Qh4+ 36. Qh2 Qxh2+ 37. Kxh2 Rb2+ 38. Rg2 Rff2
39. Rxf2+ Rxf2+ 40. Kg1 Rf5 41. Rxc6 Rxh5 42. Rc8+ Ke7 43. Rc7+ Ke6 44. Rxa7
Rh3 45. Ra6+ Kf5 46. Rd6 Rxe3 47. Rxd5+ Kf4 48. c6 Re1+ 49. Kf2 Ra1 50. c7 e3+
51. Kg2 Ra2+ 52. Kh3 $6 (52. Kf1 {ergibt kein Damenendspiel mehr.}) 52... e2 $6
(52... Rc2 53. Rc5 Rxc5 54. dxc5 e2 55. c8=Q e1=Q {und die Partie geht erstmal
noch weiter, auch wenn Weiß gewinnen sollte.}) 53. c8=Q Ra3+ 54. Kh2 1-0

[Event "LEM Magdeburg"]
[Site "LEM Magdeburg"]
[Date "2011.06.02"]
[Round "5.3"]
[White "Ozeran, Volodymyr"]
[Black "Brueggemann, Florian"]
[Result "1/2-1/2"]
[WhiteElo "2093"]
[BlackElo "2022"]
[PlyCount "88"]
[EventDate "2011.??.??"]

1. d4 Nf6 2. g3 g6 3. Bg2 Bg7 4. Nf3 d6 5. O-O O-O 6. c4 c6 7. Nc3 Nbd7 8. Qc2
Qc7 9. b3 Re8 10. Bb2 e5 11. e4 Nf8 12. h3 h6 13. Rac1 g5 14. dxe5 dxe5 15. Nd1
N6d7 16. Ne3 Nc5 17. b4 Na6 18. a3 Nb8 19. Nf5 Bxf5 20. exf5 a5 21. Nd2 axb4
22. axb4 Na6 23. Ne4 Nd7 24. Qb3 Nf6 25. Nxf6+ Bxf6 26. b5 Nc5 27. Qe3 Na4 28.
Ba1 Rad8 29. Qa3 Nb6 30. bxc6 bxc6 31. Qc5 Rd6 32. Rcd1 Red8 33. Rxd6 Rxd6 34.
Bxe5 Bxe5 35. Qxe5 Nxc4 36. Qc3 Nb6 37. Re1 Qd8 38. Bxc6 Qf6 39. Qxf6 Rxf6 40.
Be4 Rd6 41. Kg2 Kg7 42. g4 Nc4 43. Kg3 Rd4 44. Bc2 Rd2 1/2-1/2

[Event "LEM Magdeburg"]
[Site "LEM Magdeburg"]
[Date "2011.06.02"]
[Round "6.1"]
[White "Reichert, Thomas"]
[Black "Reipsch, Jens"]
[Result "0-1"]
[WhiteElo "1979"]
[BlackElo "2247"]
[PlyCount "51"]
[EventDate "2011.??.??"]

1. d4 c6 2. c4 b5 3. e3 bxc4 4. Bxc4 Ba6 5. Bxa6 Nxa6 6. Nf3 g6 7. O-O Bg7 8.
Nc3 Nf6 9. b3 O-O 10. Bb2 Qa5 11. Qe2 c5 12. Na4 cxd4 13. Bxd4 Nb4 14. Rac1
Rfc8 15. Ne5 d6 16. Nf3 Qf5 17. h3 h5 18. Rfd1 Nc6 19. Bb2 Ne4 20. Bxg7 Kxg7
21. Ne1 Ne5 22. f4 Nd7 23. Qb2+ Ndf6 24. Rxc8 Rxc8 25. Nf3 Ng3 26. Rc1 0-1

[Event "LEM Magdeburg"]
[Site "LEM Magdeburg"]
[Date "2011.06.02"]
[Round "6.2"]
[White "Brueggemann, Florian"]
[Black "Schindler, Christian"]
[Result "0-1"]
[WhiteElo "2022"]
[BlackElo "2183"]
[PlyCount "56"]
[EventDate "2011.??.??"]

1. Nf3 Nf6 2. g3 g6 3. Bg2 Bg7 4. O-O d5 5. d3 d4 6. c4 c5 7. e3 Nc6 8. exd4
cxd4 9. a3 a5 10. Re1 O-O 11. b3 Re8 12. Bb2 e5 13. Nbd2 Qc7 14. Qc2 h6 15. c5
Bf8 16. Rac1 Bf5 17. Nc4 Nd7 18. Nh4 Be6 19. Bxc6 bxc6 20. Nf3 Bd5 21. Qd1 Nxc5
22. Nfxe5 Bxc4 23. dxc4 Rxe5 24. Qxd4 f6 25. Qh4 Rxe1+ 26. Rxe1 Nd3 27. Qxf6
Bg7 28. Qe6+ Qf7 0-1

[Event "LEM Magdeburg"]
[Site "LEM Magdeburg"]
[Date "2011.06.02"]
[Round "6.3"]
[White "Engelmann, Jakob"]
[Black "Ozeran, Volodymyr"]
[Result "1-0"]
[WhiteElo "2195"]
[BlackElo "2093"]
[PlyCount "63"]
[EventDate "2011.??.??"]

1. e4 c6 2. d4 d5 3. e5 Bf5 4. Nc3 e6 5. g4 Bg6 6. Nge2 Be7 7. Nf4 Bg5 8. Bd3
Bxd3 9. Qxd3 Bxf4 10. Bxf4 Qb6 11. O-O-O Qa6 12. Qe3 b5 13. Kb1 Nd7 14. Ne2 Nb6
15. Nc1 Nc4 16. Qh3 Ne7 17. Nb3 Qb6 18. Bg5 Ng6 19. Bc1 a5 20. f4 a4 21. Nc5
O-O-O 22. Rhf1 Nf8 23. f5 Nd7 24. fxe6 Nxc5 25. dxc5 Qxc5 26. exf7 Nxe5 27.
Rde1 Ng6 28. Bg5 Rdf8 29. Qf3 Qd6 30. h4 h6 31. Be3 d4 32. Bxd4 1-0